河北各地市人均GDP排行 Per capita GDP ranking of cities in Hebei - Statistics

General Stats
  • This quiz has been taken 58 times
  • The average score is 9 of 11
Answer Stats
排名 地市 人均GDP/元 % Correct
1 唐山 115571
100%
2 廊坊 64626
98%
3 石家庄 63319
98%
4 秦皇岛 61277
88%
5 沧州 60035
85%
6 承德 53482
75%
7 邯郸 46615
73%
8 张家口 43435
73%
11 邢台 36091
67%
9 衡水 43108
65%
10 保定 40038
60%
No matching quizzes found
Score Distribution
Percent of People with Each Score
Percentile by Number Answered
Your Score History
You have not taken this quiz